| 000 | 00527nam a2200181Ia 4500 | ||
|---|---|---|---|
| 003 | GCL | ||
| 008 | 140319s9999 xx 000 0 ara d | ||
| 040 |
_aGCL / _cGCL |
||
| 082 | 0 | 4 |
_a530.13 _bد م |
| 100 | 1 | _aالسيد عطا | |
| 245 | 1 | 0 |
_aالمفهوم الحديث للمكان والزمان / _cالسيد عطا |
| 700 | 1 | _aديفيز، ب0 س | |
| 300 | _a251 ص | ||
| 490 |
_aالالف كتاب الثانى _v0 |
||
| 650 | 0 | 4 | _aالفيزياء |
| 650 | 0 | 4 | _aالفيزياء - نظريات |
| 942 |
_2ddc _cBK |
||
| 999 |
_c50158 _d50158 |
||